000 00534nam a2200181Ia 4500
008 090124s9999 xx 000 0 und d
082 _b33137
100 _aतेंडुलकर प्रिया
245 _a असंही
250 _a0
260 _bडिंपल पब्लिकेशन
_c1996
300 _a158
600 _aतेंडुलकर प्रिया
630 _a असंही
700 _aतेंडुलकर प्रिया
730 _a असंही
942 _cBOOK
999 _c99052
_d99052